| 000 | 00446nam a22001697a 4500 | ||
|---|---|---|---|
| 005 | 20240710093348.0 | ||
| 008 | 240710b |||||||| |||| 00| 0 eng d | ||
| 020 | _a9788176356756 | ||
| 082 |
_a004 _bHEL-W |
||
| 100 | _aHeltzel, Paul | ||
| 245 |
_aWireless Computing and networking / _cPaul Heltzel |
||
| 260 |
_aIndia: _bPearson; _c2002. |
||
| 300 |
_axxiv, _bill; _c24 cm. |
||
| 500 | _ainclude index. | ||
| 650 | _aNetworking | ||
| 999 |
_c36090 _d36090 |
||